000 00494nam a2200193 a 4500
001 1764578759462
003 ACL
005 20251201141844.0
008 251201s2006##################000#0#eng##
020 _a9781405133708
082 0 4 _a624.15136
_bSMI
100 1 _aSmith, Ian,
_eauthor.
245 1 0 _aSmith's Elements of Soil Mechanics :
260 _bWiley-Blackwell,
_c2006.
300 _a552 pages
650 0 _aTechnology & Engineering.
942 _cENGLISH
040 _aACL
_beng
_cACL
999 _c599612
_d599612